| 000 | 02322cam a2200661 4500 | ||
|---|---|---|---|
| 999 |
_c23387 _d23387 |
||
| 001 | vtls011882406 | ||
| 005 | 20221006120957.0 | ||
| 008 | 200612s2019 xo gr 010 f slo | ||
| 020 |
_a9788055638454 _q(viazané) |
||
| 035 | _aurn:nbn:sk:snk-am00dtw6 | ||
| 035 | _aurn:nbn:sk:snk-am3i7nl | ||
| 035 | _a0A4722DF-EBB8-4286-B571-805C507D38AD | ||
| 040 |
_aPPPK _bslo _cPPPK _dSNK _erda |
||
| 041 | 1 |
_aslo _heng |
|
| 044 |
_axo _cSK |
||
| 072 | 7 |
_a821.111-3 _xAnglická próza, anglicky písaná _2konspekt |
|
| 072 | 7 |
_a929 _xBiografie _2konspekt |
|
| 080 |
_a929.731-055.2 _22011 |
||
| 080 |
_a929.731-058.833 _22011 |
||
| 080 |
_a(410.1) _22011 |
||
| 080 |
_a821.111-31 _22011 |
||
| 080 |
_a(0:82-311.6) _22011 |
||
| 080 |
_a(0:82-312.6) _22011 |
||
| 100 | 1 |
_aGregory, Philippa, _d1954- _4aut _93578 |
|
| 240 | 1 | 4 |
_aThe Boleyn inheritance _lSlovensky |
| 245 | 1 | 0 |
_aDedičstvo Boleynovcov _cPhilippa Gregory ; z angličtiny preložil Otakar Kořínek |
| 246 | 1 |
_iSéria: _aŽeny Tudorovcov |
|
| 264 | 1 |
_aBratislava _bSlovart _c2019 |
|
| 300 |
_a430 strán _c24 cm |
||
| 336 |
_atext _btxt _2rdacontent |
||
| 337 |
_abez média _bn _2rdamedia |
||
| 338 |
_azväzok _bnc _2rdacarrier |
||
| 500 | _aObsahuje biografické údaje o autorke na záložke prebalu publikácie | ||
| 600 | 0 | 7 |
_aJane Boleyn, _d1505-1542 _2SNKMA _93597 |
| 600 | 0 | 7 |
_aAnna Klévska, _d1515-1557 _2SNKMA _93598 |
| 600 | 1 | 7 |
_aHenrich _bVIII., _canglický kráľ, _d1491-1547 _2SNKMA _93585 |
| 600 | 3 | 7 |
_aTudor (rod) _2SNKMA _93599 |
| 648 | 7 |
_a1539-1547 _2SNKPH _93600 |
|
| 648 | 7 |
_a16. storočie _2SNKPH _93592 |
|
| 648 | 7 |
_a16th Centhury _2SNKPHeng _93601 |
|
| 650 | 0 | 7 |
_apanovníčky _2SNKPH _92907 |
| 650 | 0 | 7 |
_amanželky panovníkov _2SNKPH _93602 |
| 650 | 0 | 7 |
_amilenky panovníkov _2SNKPH _93603 |
| 650 | 0 | 7 |
_aQueens and empresses _2SNKPHeng _92908 |
| 651 | 7 |
_aAnglicko _2SNKPHgeo _93581 |
|
| 651 | 7 |
_aEngland _2SNKPHeng _93582 |
|
| 655 | 7 |
_aanglické romány _2SNKPH _98 |
|
| 655 | 7 |
_ahistorické romány _2SNKPH _91688 |
|
| 655 | 7 |
_abiografické romány _2SNKPH _92126 |
|
| 655 | 7 |
_aEnglish fiction _2SNKPHeng _99 |
|
| 655 | 7 |
_aHistorical novels _2SNKPHeng _91689 |
|
| 655 | 7 |
_aBiographical novels _2SNKPHeng _92127 |
|
| 700 | 1 |
_aKořínek, Otakar, _d1946- _4trl _93589 |
|
| 958 | _aLX | ||
| 958 | _aUP | ||
| 958 | _aBC | ||
| 958 | _aNB | ||